000 00688nam a2200229Ia 4500
005 20230701123407.0
008 131103s9999 xx 000 0 und d
020 _a0-415-12140-X
_cRs.439
040 _aLoreto College
041 _aEnglish
082 _a942.074
_bPLO
100 _aPlowright, John
245 _aRegency England
_b The age of Lord Liverpool
_cJohn Plowright
260 _aLondon and New York
_bRouteledge
_c1996
300 _axv,70p., 21.5 cm.
440 _aLancaster Pamphlets
504 _aIncludes chronology and bibliographical references.
650 _aEngland-History-regency period
700 _aPlowright, John, auth.
850 _aLCLIB
942 _cBK
999 _c2094
_d52573